LEADER 00964nam a2200241 i 4500 001 000000128968 003 CaOOAMICUS 005 20040927000000.0 008 040927s2004 it u000 u ita u 013 $a101701 020 $a88-8358-650-6 040 $aSeMil$bita 100 1 $aMalo, Antonio.$0(OLS)http://semarc/name/53600 245 13$aIl senso antropologico dell'azione :$bparadigmi e prospettive /$cAntonio Malo. 260 $aRoma :$bArmando,$ccopyr. 2004. 300 $a179 p. ;$c22 cm. 650 4$aAzione .$0(OLS)http://semarc/subject/2422 850 $aSeMil 852 $aSeMil$W1$xVenegono$y1$m90 14 28 *$j83124$B83124$CSeMilBibl$Z2$F86743 $81 961 $aAcquisto: Àncora (Libreria) 996 $6020$a88-8358-650-6$9(OLS)http://semarc/number/115632 996 $6245$aIl senso antropologico dell'azione :$bparadigmi e prospettive$9(OLS)http://semarc/title/190581 996 $6260$aRoma :$bArmando$9(OLS)http://semarc/publisher/29857 LEADER 00635nam a2200193 i 4500 001 000000238968 003 CaOOAMICUS 005 20150217000000.0 008 150217s1894 it u000 u ita u 013 $a217873 040 $aSeMil$bita 245 10$aVol. 3. 300 $a400 p. 773 0 $aSegneri, Paolo $tManna dell'anima.$b2. ed.$dTorino : Tipografia e Libreria Salesiana, 1894-1895.$g3$w()31419 850 $aSeMil 852 $aSeMil$W1$xVenegono$y1$m3D I 215 FA$j189314$B189314$CSeMilBibl$Z2$F200118 $8I 941 1 $a10 961 $aRecupero: Mantegazza 996 $6245$aVol. 3$9(OLS)http://semarc/title/80712